[Event "Olympic Waive"]
[Site "Ottawa CAN"]
[Date "2010.06.20"]
[Round "1"]
[White "Danilov, Alex"]
[Black "Pacey, Kevin"]
[Result "0-1"]
[WhiteElo "1895"]
[BlackElo "2074"]
[PlyCount "87"]
[EventDate "2010.06.20"]
[EventType "swiss (rapid)"]
[EventRounds "4"]
[EventCountry "CAN"]

1. e4 e5 2. Nf3 Nc6 3. Bc4 Nf6 4. d4 exd4 5. Nxd4 Nxe4 6. O-O d5 7. Nxc6 bxc6
8. Bd3 Be7 9. Bxe4 dxe4 10. Qe2 O-O 11. Qxe4 Bf6 12. Nc3 Bxc3 13. bxc3 Qf6 14.
Ba3 Bf5 15. Qf3 Rfe8 16. Bc5 Qg6 17. Rfe1 a6 18. Qf4 Be4 19. g3 Bd5 20. Bd4
Qxc2 21. Re5 f6 22. Rh5 Qe4 23. Qxe4 Rxe4 24. a3 Rb8 25. Rf5 Re2 26. h4 Reb2
27. g4 Rb1+ 28. Rxb1 Rxb1+ 29. Kh2 Rh1+ 30. Kg3 Be6 31. Ra5 Rg1+ 32. Kf3 Bxg4+
33. Ke3 Bc8 34. Rc5 Re1+ 35. Kf4 Re6 36. h5 Kf7 37. Kg3 g6 38. hxg6+ Kxg6 39.
f4 Rd6 40. Ra5 Rd5 41. Ra4 Rb5 42. Rb4 a5 43. Rc4 Bd7 44. Rc5 0-1

[Event "Olympic Waive"]
[Site "Ottawa CAN"]
[Date "2010.06.20"]
[Round "2"]
[White "Pacey, Kevin"]
[Black "Beckwith, Paul"]
[Result "1-0"]
[WhiteElo "2074"]
[BlackElo "1969"]
[PlyCount "38"]
[EventDate "2010.06.20"]
[EventType "swiss (rapid)"]
[EventRounds "4"]
[EventCountry "CAN"]

1. e4 c5 2. c3 Qa5 3. d4 cxd4 4. Nf3 dxc3 5. Nxc3 Nc6 6. Bc4 d6 7. O-O a6 8.
Be3 e6 9. Na4 Nf6 10. Bb6 Qh5 11. Bc7 b5 12. Nb6 bxc4 13. Nxa8 Nxe4 14. Nb6 Bd7
15. Nxc4 d5 16. Nb6 Bc5 17. Nxd7 Kxd7 18. Bg3 Nxg3 19. hxg3 Rc8 1-0

[Event "Olympic Waive"]
[Site "Ottawa CAN"]
[Date "2010.06.20"]
[Round "3"]
[White "Renaud, Joshua"]
[Black "Pacey, Kevin"]
[Result "0-1"]
[WhiteElo "1434"]
[BlackElo "2074"]
[PlyCount "74"]
[EventDate "2010.06.20"]
[EventType "swiss (rapid)"]
[EventRounds "4"]
[EventCountry "CAN"]

1. e4 c6 2. d4 d5 3. e5 Bf5 4. c4 dxc4 5. Bxc4 e6 6. Nf3 Nd7 7. Nc3 Nb6 8. Bb3
Ne7 9. Bg5 h6 10. Bh4 Qd7 11. Bxe7 Bxe7 12. h3 a5 13. O-O O-O 14. a3 Rfd8 15.
Qe2 a4 16. Ba2 Nd5 17. Nxd5 cxd5 18. Bb1 Bxb1 19. Raxb1 Rdc8 20. Rbc1 b5 21.
Qd2 Rc4 22. Nh2 Rac8 23. f4 b4 24. Rxc4 Rxc4 25. axb4 Bxb4 26. Qd3 g6 27. Ng4
Kg7 28. Ne3 Rc7 29. g4 a3 30. Nc2 axb2 31. Qb3 Rc3 32. Qxb2 Ba5 33. Kg2 Qc7 34.
Rf2 Qc4 35. Ne1 Rb3 36. Qe2 Bxe1 37. Qxe1 Qd3 0-1

[Event "Olympic Waive"]
[Site "Ottawa CAN"]
[Date "2010.06.20"]
[Round "4"]
[White "Pacey, Kevin"]
[Black "Kalra, Agastya"]
[Result "1-0"]
[WhiteElo "2074"]
[BlackElo "1596"]
[PlyCount "33"]
[EventDate "2010.06.20"]
[EventType "swiss (rapid)"]
[EventRounds "4"]
[EventCountry "CAN"]

1. f4 d5 2. Nf3 c5 3. e3 Nc6 4. Bb5 a6 5. Bxc6+ bxc6 6. O-O Nf6 7. Ne5 Qc7 8.
b3 Bf5 9. Bb2 Nd7 10. Nxf7 Kxf7 11. g4 Bxg4 12. Qxg4 Nf6 13. Bxf6 gxf6 14. Qh5+
Ke6 15. Nc3 Kd7 16. Nxd5 Qd6 17. Nb6+ 1-0

[Event "Ontario Closed"]
[Site "Kitchener CAN"]
[Date "2010.07.30"]
[Round "1"]
[White "Demmery, Steve"]
[Black "Whissell, Mavros"]
[Result "1-0"]
[WhiteElo "2230"]
[BlackElo "2085"]
[PlyCount "73"]
[EventDate "2010.07.30"]
[EventType "swiss"]
[EventRounds "7"]
[EventCountry "CAN"]

1. d4 Nf6 2. c4 g6 3. Nc3 Bg7 4. e4 d6 5. Nge2 O-O 6. Ng3 c5 7. d5 e6 8. Be2
exd5 9. exd5 a6 10. O-O Re8 11. Bg5 h6 12. Bd2 Nbd7 13. Qc2 b5 14. b3 b4 15.
Na4 Ne5 16. h3 Ra7 17. f4 Ned7 18. Bd3 Nf8 19. Rae1 Rae7 20. Rxe7 Rxe7 21. Nb2
a5 22. Nd1 Qe8 23. Nf2 Bd7 24. Kh1 a4 25. f5 axb3 26. axb3 g5 27. Nfe4 Qb8 28.
Nxf6+ Bxf6 29. Ne4 Nh7 30. h4 Be5 31. f6 Re8 32. hxg5 Kh8 33. g6 fxg6 34. Bxh6
Nxf6 35. Nxf6 Rf8 36. Nxd7 Rxf1+ 37. Bxf1 1-0

[Event "Ontario Closed"]
[Site "Kitchener CAN"]
[Date "2010.07.30"]
[Round "1"]
[White "Henry, Liam"]
[Black "Wang, Jesse BJ"]
[Result "1-0"]
[WhiteElo "2288"]
[BlackElo "2113"]
[PlyCount "41"]
[EventDate "2010.07.30"]
[EventType "swiss"]
[EventRounds "7"]
[EventCountry "CAN"]

1. e4 c5 2. Nf3 d6 3. d4 cxd4 4. Nxd4 Nf6 5. Nc3 a6 6. Bc4 e6 7. Bb3 Nbd7 8.
Bg5 Nc5 9. O-O Be7 10. Qe1 h6 11. Bh4 g5 12. Bg3 Nh5 13. Rd1 Nxg3 14. fxg3 Nxb3
15. axb3 Qc7 16. Kh1 Bd7 17. Nf5 Bf8 18. Qd2 exf5 19. Nd5 Qc5 20. b4 Qa7 21.
Qc3 1-0

[Event "Ontario Closed"]
[Site "Kitchener CAN"]
[Date "2010.07.30"]
[Round "1"]
[White "Humphreys, Michael"]
[Black "Chung, Kevin"]
[Result "0-1"]
[WhiteElo "2208"]
[BlackElo "2297"]
[PlyCount "60"]
[EventDate "2010.07.30"]
[EventType "swiss"]
[EventRounds "7"]
[EventCountry "CAN"]

1. d4 e6 2. c4 Nf6 3. g3 d5 4. Nf3 Be7 5. Bg2 O-O 6. O-O Nbd7 7. Qc2 b6 8. cxd5
Nxd5 9. a3 Bb7 10. Rd1 Qc8 11. e4 N5f6 12. Nc3 Rd8 13. Bf4 Nh5 14. Be3 c5 15.
d5 exd5 16. Nxd5 Bf8 17. e5 Qb8 18. g4 Nxe5 19. gxh5 Nxf3+ 20. Bxf3 Bd6 21. Kh1
Qc8 22. Qe4 Qh3 23. Bf4 Re8 24. Bxd6 Rxe4 25. Bxe4 Kh8 26. f3 Rd8 27. Nf4 Qc8
28. h6 Bxe4 29. hxg7+ Kg8 30. fxe4 Qc6 0-1

[Event "Ontario Closed"]
[Site "Kitchener CAN"]
[Date "2010.07.30"]
[Round "1"]
[White "Kho, Jingle"]
[Black "Jung, Hans"]
[Result "0-1"]
[WhiteElo "2111"]
[BlackElo "2132"]
[PlyCount "162"]
[EventDate "2010.07.30"]
[EventType "swiss"]
[EventRounds "7"]
[EventCountry "CAN"]

1. c4 c5 2. Nf3 Nc6 3. g3 e5 4. Nc3 g6 5. Bg2 Bg7 6. d3 d6 7. O-O Nge7 8. e4
O-O 9. h3 f5 10. Bd2 h6 11. a3 f4 12. Rb1 a5 13. Nb5 g5 14. Ne1 Nd4 15. Nxd4
cxd4 16. b4 axb4 17. axb4 Qe8 18. b5 Qg6 19. g4 Kh7 20. Bf3 Qe6 21. Qb3 h5 22.
Be2 Qh6 23. Kg2 Bd7 24. Rh1 Ng6 25. f3 b6 26. Bb4 Nh4+ 27. Kf2 Rh8 28. Nc2 Bf8
29. Rb2 Ng6 30. Kg2 Kg7 31. Rbb1 Nh4+ 32. Kf2 Ng6 33. Bd2 hxg4 34. hxg4 Qxh1
35. Rxh1 Rxh1 36. Kg2 Rh8 37. Qb2 Be7 38. Ne1 Rh7 39. Bf1 Rah8 40. Kf2 Rh2+ 41.
Ng2 R8h3 42. Kg1 Rh1+ 43. Kf2 R3h2 44. Qa3 Kf7 45. Qa7 Ke6 46. Bb4 Nh4 47. Qb7
Nxg2 48. Bxg2 Rb1 49. Qd5+ Kf6 50. Bxd6 Rb2+ 51. Kf1 Bxd6 52. Qxd6+ Be6 53.
Qf8+ Kg6 54. Qe8+ Bf7 55. Qxe5 Rbxg2 56. Qf5+ Kg7 57. Qxg5+ Kh7 58. Qxf4 Bg6
59. Qc7+ Kh6 60. Qb8 Ra2 61. Qf4+ Kg7 62. Qc7+ Bf7 63. Qe5+ Kh7 64. Qf5+ Bg6
65. Qd7+ Kh6 66. g5+ Kxg5 67. Qg4+ Kf6 68. Qf4+ Ke6 69. Kg1 Rhc2 70. Qg4+ Kd6
71. Qf4+ Kd7 72. Qg4+ Kc7 73. Qg3+ Kb7 74. Qe1 Bh5 75. Qf1 Bxf3 76. Qxf3 Rc1+
77. Qf1 Rxf1+ 78. Kxf1 Rd2 79. e5 Rxd3 80. Ke2 Re3+ 81. Kd2 Kc7 0-1

[Event "Ontario Closed"]
[Site "Kitchener CAN"]
[Date "2010.07.31"]
[Round "2"]
[White "Chung, Kevin"]
[Black "Henry, Liam"]
[Result "1/2-1/2"]
[WhiteElo "2297"]
[BlackElo "2288"]
[PlyCount "137"]
[EventDate "2010.07.30"]
[EventType "swiss"]
[EventRounds "7"]
[EventCountry "CAN"]

1. e4 c5 2. Nf3 d6 3. d4 cxd4 4. Nxd4 Nf6 5. Nc3 a6 6. f4 Qc7 7. Nf3 Nbd7 8. a4
b6 9. Bd3 g6 10. O-O Bg7 11. Qe1 Bb7 12. Kh1 O-O 13. Qh4 d5 14. e5 Ne4 15. Nxe4
dxe4 16. Ng5 h6 17. Nxe4 Nc5 18. Nxc5 Qxc5 19. Qg3 e6 20. Be3 Qc6 21. b4 b5 22.
axb5 axb5 23. Bd4 Rxa1 24. Rxa1 Ra8 25. Rxa8+ Bxa8 26. Qf2 Bf8 27. c3 Qd5 28.
Kg1 Bc6 29. Kf1 Qb3 30. Qc2 Qd5 31. Be3 Be7 32. Ke1 g5 33. Qe2 gxf4 34. Bxf4
Bg5 35. g3 Qh1+ 36. Kd2 Qa1 37. Bxg5 hxg5 38. Qg4 Qa2+ 39. Ke3 Qxh2 40. Qxg5+
Kf8 41. Qd8+ Kg7 42. Qf6+ Kf8 43. Qf2 Qh1 44. Kd2 Kg8 45. g4 Qh6+ 46. Qe3 Qh2+
47. Be2 Qg2 48. Qd3 Kg7 49. Qd8 Bd5 50. Qf6+ Kg8 51. Kd1 Bb3+ 52. Ke1 Qg1+ 53.
Kd2 Qg2 54. Qf3 Qh2 55. Qe3 Bc4 56. Kd1 Qh1+ 57. Kc2 Qh2 58. Kd2 Qg2 59. Qf3
Qh2 60. Qe4 Qf2 61. g5 Kg7 62. Qf3 Qh2 63. g6 Kxg6 64. Qf6+ Kh7 65. Qxf7+ Kh6
66. Qf3 Kg6 67. Qg4+ Kh6 68. Qe4 Kg5 69. Qf3 1/2-1/2

[Event "Ontario Closed"]
[Site "Kitchener CAN"]
[Date "2010.07.31"]
[Round "2"]
[White "Egorov, Mikhail"]
[Black "Drkulec, Vladimir"]
[Result "0-1"]
[WhiteElo "2220"]
[BlackElo "2121"]
[PlyCount "100"]
[EventDate "2010.07.30"]
[EventType "swiss"]
[EventRounds "7"]
[EventCountry "CAN"]

1. e4 e5 2. Nf3 Nc6 3. d4 exd4 4. Nxd4 Bc5 5. Be3 Qf6 6. c3 Nge7 7. Bc4 Ne5 8.
Be2 Qg6 9. O-O Qxe4 10. Nd2 Qg6 11. f4 Qh6 12. Ne4 Bxd4 13. cxd4 Nf5 14. Qd2 d5
15. dxe5 dxe4 16. Bc5 Bd7 17. Qb4 Bc6 18. Rad1 a6 19. Bc4 b6 20. Qb3 bxc5 21.
Bxf7+ Ke7 22. e6 Nd6 23. Qc3 Nxf7 24. Qxc5+ Nd6 25. f5 Rhd8 26. Qxc6 Qe3+ 27.
Kh1 Qb6 28. Qc3 Ne8 29. Rd7+ Rxd7 30. exd7 Kxd7 31. Rd1+ Kc8 32. Qe5 Qc6 33.
Qe7 Kb7 34. h3 Rc8 35. Rd4 Qc1+ 36. Kh2 Qf4+ 37. Kh1 Qxf5 38. Qb4+ Qb5 39. Qe1
Qc6 40. Rxe4 Rd8 41. a4 Rd1 42. Qxd1 Qxe4 43. a5 Nd6 44. Qb3+ Nb5 45. Qg8 Qe1+
46. Kh2 Qe5+ 47. Kh1 h6 48. b4 Nd4 49. Qc4 Ne2 50. Qc2 Qa1+ 0-1

[Event "Ontario Closed"]
[Site "Kitchener CAN"]
[Date "2010.07.31"]
[Round "2"]
[White "Guo, Joshua"]
[Black "Kagramanov, Dina"]
[Result "1/2-1/2"]
[WhiteElo "2210"]
[BlackElo "2196"]
[PlyCount "98"]
[EventDate "2010.07.30"]
[EventType "swiss"]
[EventRounds "7"]
[EventCountry "CAN"]

1. e4 c5 2. Nf3 e6 3. d4 cxd4 4. Nxd4 a6 5. Bd3 Bc5 6. Nb3 Be7 7. O-O Nc6 8.
Nc3 Nf6 9. f4 d6 10. Be3 h5 11. Kh1 b5 12. f5 Ne5 13. Nd4 Nfg4 14. Bg1 Bg5 15.
fxe6 fxe6 16. Qe2 Ng6 17. e5 N6xe5 18. Ncxb5 Qe7 19. Nc3 Bb7 20. Ne4 Bh6 21.
Rad1 h4 22. h3 Nf6 23. Nxe6 Qxe6 24. Nxd6+ Kf8 25. Nxb7 Re8 26. Bc5+ Kg8 27.
Nd6 Nxd3 28. Qxe6+ Rxe6 29. Rxd3 Nh5 30. Nf5 Bg5 31. Bf2 Rf6 32. Rf3 Nf4 33.
Bxh4 Bxh4 34. Rxf4 Bg5 35. Rg4 Rh5 36. Ng3 Rxf1+ 37. Nxf1 Bf6 38. b3 Ra5 39.
Ne3 Re5 40. Nc4 Re2 41. Kg1 Rxc2 42. a4 Rc3 43. Na5 Bd8 44. b4 Ra3 45. Rg6 Rxa4
46. Rxa6 Kh7 47. Kf1 Rxb4 48. Nc6 Rb1+ 49. Ke2 Bh4 1/2-1/2

[Event "Ontario Closed"]
[Site "Kitchener CAN"]
[Date "2010.07.31"]
[Round "2"]
[White "Kleinman, Michael"]
[Black "Demmery, Steve"]
[Result "1-0"]
[WhiteElo "2248"]
[BlackElo "2230"]
[PlyCount "113"]
[EventDate "2010.07.30"]
[EventType "swiss"]
[EventRounds "7"]
[EventCountry "CAN"]

1. e4 d6 2. d4 Nf6 3. Nc3 c6 4. f4 Qa5 5. Bd3 e5 6. Nf3 Bg4 7. Be3 Nbd7 8. O-O
Be7 9. Qe1 Bxf3 10. gxf3 Nh5 11. fxe5 dxe5 12. Ne2 Qxe1 13. Raxe1 exd4 14. Nxd4
O-O-O 15. f4 Nhf6 16. e5 Ng4 17. Nf5 Bb4 18. Nd6+ Bxd6 19. exd6 Nxe3 20. Rxe3
g6 21. f5 Nc5 22. fxg6 fxg6 23. b4 Nxd3 24. Rxd3 b5 25. Rf6 Rd7 26. Kf2 Re8 27.
Re3 Red8 28. Ree6 Kb7 29. Ke3 Kb6 30. Kd4 g5 31. a3 h5 32. Ke5 c5 33. Kd5 cxb4
34. axb4 g4 35. Rh6 Rf7 36. Re5 Rf2 37. Rhxh5 Rd2+ 38. Ke4 R8xd6 39. Rxb5+ Ka6
40. Rb8 R2d4+ 41. Ke3 R4d5 42. Rxd5 Rxd5 43. c4 Rh5 44. b5+ Ka5 45. Ra8 Rxh2
46. Rxa7+ Kb4 47. Rc7 Rh6 48. Kf4 Rg6 49. Rc6 Rg8 50. Kg3 Ka5 51. b6 Ka6 52. c5
Kb5 53. Rc7 Ka6 54. b7 Ka7 55. Rc8 Rxc8 56. bxc8=R Kb7 57. Rf8 1-0

[Event "Ontario Closed"]
[Site "Kitchener CAN"]
[Date "2010.07.31"]
[Round "2"]
[White "Wang, Jesse BJ"]
[Black "Kho, Jingle"]
[Result "1-0"]
[WhiteElo "2113"]
[BlackElo "2111"]
[PlyCount "37"]
[EventDate "2010.07.30"]
[EventType "swiss"]
[EventRounds "7"]
[EventCountry "CAN"]

1. e4 e6 2. d4 d5 3. Nc3 dxe4 4. Nxe4 Bd7 5. Nf3 Bc6 6. Bd3 Nd7 7. O-O Ngf6 8.
Nxf6+ gxf6 9. Re1 Bg7 10. c3 O-O 11. Be4 Bxe4 12. Rxe4 Kh8 13. Rh4 c5 14. Qd3
f5 15. Ng5 h6 16. Qh3 Kg8 17. Rxh6 Bxh6 18. Qxh6 Nf6 19. Bf4 1-0

[Event "Ontario Closed"]
[Site "Kitchener CAN"]
[Date "2010.07.31"]
[Round "2"]
[White "Whissell, Mavros"]
[Black "Humphreys, Michael"]
[Result "1-0"]
[WhiteElo "2085"]
[BlackElo "2208"]
[PlyCount "69"]
[EventDate "2010.07.30"]
[EventType "swiss"]
[EventRounds "7"]
[EventCountry "CAN"]

1. e4 c5 2. Nf3 d6 3. d4 cxd4 4. Nxd4 Nf6 5. Nc3 a6 6. Be3 e5 7. Nb3 Be7 8. f3
Be6 9. Qd2 O-O 10. O-O-O Nbd7 11. g4 Qc7 12. Kb1 b5 13. g5 Nh5 14. Ne2 f6 15.
f4 fxg5 16. f5 Bxb3 17. axb3 Nf4 18. h4 Nf6 19. hxg5 Nxe4 20. Qe1 Rac8 21. Bxf4
Qxc2+ 22. Ka1 Qxb3 23. Rh3 Qf7 24. Nd4 exf4 25. Qxe4 Bxg5 26. Bd3 Bf6 27. Ne6
d5 28. Qxf4 Qe7 29. Bb1 Rc4 30. Qf3 Qb4 31. Rh2 Rc2 32. Rxc2 Qa4+ 33. Ba2 Qxc2
34. Rb1 Rc8 35. Bb3 1-0

[Event "Ontario Closed"]
[Site "Kitchener CAN"]
[Date "2010.07.31"]
[Round "3"]
[White "Drkulec, Vladimir"]
[Black "Henry, Liam"]
[Result "0-1"]
[WhiteElo "2121"]
[BlackElo "2288"]
[PlyCount "77"]
[EventDate "2010.07.30"]
[EventType "swiss"]
[EventRounds "7"]
[EventCountry "CAN"]

1. d4 Nf6 2. c4 g6 3. g3 Bg7 4. Bg2 d5 5. cxd5 Nxd5 6. Nf3 Nb6 7. Nc3 Nc6 8. e3
O-O 9. O-O e5 10. d5 Ne7 11. e4 Bg4 12. h3 Bxf3 13. Qxf3 Nc4 14. Qd3 Nd6 15.
Bg5 f6 16. Be3 f5 17. Bg5 h6 18. Be3 Qd7 19. f3 f4 20. Bf2 fxg3 21. Bxg3 g5 22.
h4 gxh4 23. Bxh4 Ng6 24. Bg3 Bf6 25. Kf2 Qe7 26. Rh1 Bg5 27. Bh3 b5 28. Rag1
Nc4 29. Be6+ Kg7 30. b3 Qc5+ 31. Ke2 Nb2 32. Bxe5+ Nxe5 33. Rxg5+ hxg5 34. Qd2
Nxf3 35. Qxb2 Ng1+ 36. Ke1 Qd4 37. Bf5 Rh8 38. Rxh8 Rxh8 39. Kf1 0-1

[Event "Ontario Closed"]
[Site "Kitchener CAN"]
[Date "2010.07.31"]
[Round "3"]
[White "Humphreys, Michael"]
[Black "Kho, Jingle"]
[Result "1-0"]
[WhiteElo "2208"]
[BlackElo "2111"]
[PlyCount "147"]
[EventDate "2010.07.30"]
[EventType "swiss"]
[EventRounds "7"]
[EventCountry "CAN"]

1. d4 f5 2. g3 Nf6 3. Bg2 d5 4. c4 e6 5. Nf3 Nbd7 6. O-O Ne4 7. Nfd2 Ndf6 8.
Nxe4 Nxe4 9. Nc3 Nxc3 10. bxc3 Be7 11. cxd5 exd5 12. c4 dxc4 13. Qa4+ Kf7 14.
Qxc4+ Kg6 15. e4 c6 16. Rb1 Rb8 17. exf5+ Bxf5 18. Rxb7 Rxb7 19. Qxc6+ Bf6 20.
Qxb7 Bxd4 21. Bd5 Qd7 22. Qxd7 Bxd7 23. Rd1 Bf6 24. Bf7+ Kxf7 25. Rxd7+ Ke6 26.
Rxa7 Bd4 27. Ra6+ Kd5 28. Be3 Bxe3 29. fxe3 Rb8 30. Kg2 Ke4 31. Re6+ Kf5 32.
Re7 Kf6 33. Ra7 Rb2+ 34. Kf3 Rxh2 35. a4 h5 36. Ra8 g5 37. a5 g4+ 38. Kf4 Rf2+
39. Ke4 Ra2 40. a6 Ra4+ 41. Kd5 h4 42. gxh4 Kg7 43. Rd8 g3 44. Ke5 g2 45. Rd1
Rxa6 46. Rg1 Rg6 47. Kf4 Kh6 48. Kf3 Rf6+ 49. Kxg2 Kh5 50. Rf1 Re6 51. Kf3 Kxh4
52. Rg1 Kh5 53. Kf4 Kh6 54. e4 Kh7 55. Kf5 Re8 56. e5 Rf8+ 57. Ke6 Ra8 58. Kf6
Ra2 59. e6 Rf2+ 60. Ke7 Rd2 61. Kf7 Rf2+ 62. Ke8 Re2 63. e7 Re3 64. Rg4 Re1 65.
Rg5 Kh6 66. Rd5 Kg7 67. Kd7 Kf7 68. Rf5+ Kg6 69. Rf8 Rd1+ 70. Kc6 Rc1+ 71. Kd5
Rd1+ 72. Kc4 Rc1+ 73. Kd3 Re1 74. e8=Q+ 1-0

[Event "Ontario Closed"]
[Site "Kitchener CAN"]
[Date "2010.07.31"]
[Round "3"]
[White "Jung, Hans"]
[Black "Kleinman, Michael"]
[Result "1/2-1/2"]
[WhiteElo "2132"]
[BlackElo "2079"]
[PlyCount "153"]
[EventDate "2010.07.30"]
[EventType "swiss"]
[EventRounds "7"]
[EventCountry "CAN"]

1. Nc3 c5 2. Nf3 g6 3. d4 cxd4 4. Qxd4 Nf6 5. e4 Nc6 6. Qe3 Bg7 7. h3 d5 8.
exd5 Nb4 9. Bb5+ Bd7 10. Qe2 Nbxd5 11. Nxd5 Nxd5 12. O-O O-O 13. Rd1 Nc3 14.
bxc3 Bxb5 15. Qe1 Qc7 16. Nd4 Bc4 17. a4 Rfd8 18. Bg5 Rd7 19. Qe3 Qe5 20. Qc1
Rad8 21. Re1 Qc5 22. Qe3 f6 23. Bh6 e5 24. Bxg7 Rxg7 25. Nf5 Rc7 26. Qg3 Be6
27. Nd4 Bd7 28. Ne2 Bf5 29. Qh4 Kg7 30. Rab1 Bxc2 31. Rb5 Qc6 32. Rxe5 fxe5 33.
Qxd8 Bxa4 34. Rc1 Rf7 35. Qa5 Qb5 36. Qxa7 Qxe2 37. Qxa4 Rxf2 38. Qd7+ Kh6 39.
Qg4 Qxg4 40. hxg4 Rf7 41. Re1 Re7 42. Re4 Kg5 43. Kf2 Kf6 44. Ke3 Rd7 45. Rb4
Rc7 46. Kd3 Kg5 47. Re4 Rf7 48. Rxe5+ Kxg4 49. Ke2 g5 50. Re3 b5 51. Re4+ Rf4
52. Re5 Rf5 53. Re3 h5 54. Ke1 h4 55. Ke2 Kh5 56. Ke1 g4 57. Re8 g3 58. Rh8+
Kg4 59. Rg8+ Rg5 60. Rh8 Re5+ 61. Kd1 Re4 62. Rb8 Rc4 63. Rxb5 Rxc3 64. Rb4+
Kg5 65. Rb5+ Kf4 66. Kd2 Rc4 67. Rh5 Kg4 68. Rh8 Re4 69. Rg8+ Kf5 70. Rf8+ Kg6
71. Rg8+ Kf7 72. Rh8 Kg7 73. Rh5 Kf6 74. Kd3 Kg6 75. Kxe4 Kxh5 76. Kf4 h3 77.
Kxg3 1/2-1/2

[Event "Ontario Closed"]
[Site "Kitchener CAN"]
[Date "2010.08.31"]
[Round "3"]
[White "Kagramanov, Dina"]
[Black "Egorov, Mikhail"]
[Result "0-1"]
[WhiteElo "2196"]
[BlackElo "2220"]
[PlyCount "94"]
[EventDate "2010.07.30"]
[EventType "swiss"]
[EventRounds "7"]
[EventCountry "CAN"]

1. e4 c5 2. Nf3 Nc6 3. Bb5 g6 4. O-O Bg7 5. c3 Nf6 6. Re1 O-O 7. d3 Qb6 8. Bc4
d6 9. Na3 Bg4 10. h3 Bxf3 11. Qxf3 Ne5 12. Qe2 Nxc4 13. Nxc4 Qc7 14. Bg5 b5 15.
Ne3 e6 16. Qf3 Nd7 17. Ng4 Ne5 18. Nf6+ Kh8 19. Qf4 Nd7 20. Rad1 e5 21. Nd5 Qc8
22. Qg3 f6 23. Be3 Nb6 24. d4 Nxd5 25. exd5 cxd4 26. cxd4 f5 27. Bg5 f4 28. Qh4
Qd7 29. dxe5 Bxe5 30. Re4 Qf5 31. Rde1 Rac8 32. Rb4 a6 33. a4 Rc4 34. Rxc4 bxc4
35. Bh6 Rg8 36. Qe7 g5 37. f3 Bxb2 38. Qe6 Bd4+ 39. Kh1 Qxe6 40. dxe6 Be3 41.
e7 Re8 42. Bxg5 h6 43. Bxh6 c3 44. Re2 Bd2 45. Bg5 Kg7 46. Re6 c2 47. Bf6+ Kf7
0-1

[Event "Ontario Closed"]
[Site "Kitchener CAN"]
[Date "2010.07.31"]
[Round "3"]
[White "Whissell, Mavros"]
[Black "Guo, Joshua"]
[Result "1/2-1/2"]
[WhiteElo "2085"]
[BlackElo "2210"]
[PlyCount "51"]
[EventDate "2010.07.30"]
[EventType "swiss"]
[EventRounds "7"]
[EventCountry "CAN"]

1. e4 c5 2. Nf3 d6 3. d4 cxd4 4. Nxd4 Nf6 5. Nc3 a6 6. Be3 e5 7. Nb3 Be6 8. Qd2
Be7 9. f3 Nbd7 10. g4 Nb6 11. Qf2 Nfd7 12. O-O-O O-O 13. h4 Rc8 14. g5 Rxc3 15.
bxc3 Na4 16. Qe1 Qc7 17. c4 Bxc4 18. Qa5 Qc6 19. Bxc4 Qxc4 20. Qd5 Qc3 21. Rd3
Qb2+ 22. Kd2 Ndb6 23. Qxb7 Nc4+ 24. Ke2 Qxc2+ 25. Nd2 Nab2 26. Rd5 1/2-1/2

[Event "Ontario Closed"]
[Site "Kitchener CAN"]
[Date "2010.08.01"]
[Round "4"]
[White "Chung, Kevin"]
[Black "Kleinman, Michael"]
[Result "0-1"]
[WhiteElo "2297"]
[BlackElo "2248"]
[PlyCount "48"]
[EventDate "2010.07.30"]
[EventType "swiss"]
[EventRounds "7"]
[EventCountry "CAN"]

1. e4 c5 2. Nf3 d6 3. d4 cxd4 4. Nxd4 Nf6 5. Nc3 g6 6. f3 Bg7 7. Be3 Nc6 8. Qd2
O-O 9. O-O-O d5 10. Nxc6 bxc6 11. e5 Ne8 12. Bh6 Bxe5 13. Bxf8 Kxf8 14. Na4 Rb8
15. c4 Bf5 16. Bd3 Qc7 17. g3 Nd6 18. Qe2 Nxc4 19. Bxc4 dxc4 20. Qxc4 Qa5 21.
Nc3 Rb4 22. Qxc6 Rxb2 23. Rd2 Qxc3+ 24. Qxc3 Rb1# 0-1

[Event "Ontario Closed"]
[Site "Kitchener CAN"]
[Date "2010.08.01"]
[Round "4"]
[White "Drkulec, Vladimir"]
[Black "Jung, Hans"]
[Result "1/2-1/2"]
[WhiteElo "2121"]
[BlackElo "2267"]
[PlyCount "120"]
[EventDate "2010.07.30"]
[EventType "swiss"]
[EventRounds "7"]
[EventCountry "CAN"]

1. d4 e6 2. g3 c5 3. Nf3 cxd4 4. Nxd4 d5 5. Bg2 e5 6. Nb3 Ne7 7. O-O Nbc6 8. e4
d4 9. c3 Be6 10. cxd4 exd4 11. Nc5 Bc4 12. Re1 Ng6 13. Na3 Bxc5 14. Nxc4 O-O
15. a3 b5 16. Nd2 Nge5 17. Nf3 d3 18. Nxe5 Nxe5 19. Be3 Bxe3 20. Rxe3 Qd4 21.
Qb3 Rfd8 22. Rd1 a6 23. Bf1 Qc4 24. Qb4 Qc2 25. Rd2 Qc1 26. Kg2 Nc4 27. Rdxd3
Nxe3+ 28. Rxe3 Rd2 29. b3 Ra2 30. Qd4 Qxa3 31. Qd5 Rf8 32. e5 Qc1 33. Rf3 Ra1
34. Bd3 Qh1+ 35. Kh3 Re1 36. Be4 Qf1+ 37. Kh4 Qe2 38. Bxh7+ Kxh7 39. Re3 Qxe3
40. fxe3 Rxe3 41. Kh3 Kg8 42. Qc6 Rxe5 43. Qxa6 Rfe8 44. Qc6 Kh8 45. Kg4 Re4+
46. Kh3 R8e5 47. Qc8+ Kh7 48. Qc2 g6 49. Qc7 Rf5 50. g4 Re3+ 51. Kg2 Re2+ 52.
Kg3 Rff2 53. Qb7 b4 54. h3 Rf1 55. Qxb4 Re3+ 56. Kg2 Rff3 57. Qb7 Rg3+ 58. Kf2
Kg7 59. Qd5 Rxb3 60. Qe5+ Kf8 1/2-1/2

[Event "Ontario Closed"]
[Site "Kitchener CAN"]
[Date "2010.08.01"]
[Round "4"]
[White "Egorov, Mikhail"]
[Black "Whissell, Mavros"]
[Result "1/2-1/2"]
[WhiteElo "2220"]
[BlackElo "2085"]
[PlyCount "116"]
[EventDate "2010.07.30"]
[EventType "swiss"]
[EventRounds "7"]
[EventCountry "CAN"]

1. e4 e5 2. Nf3 Nc6 3. Nc3 Nf6 4. d4 exd4 5. Nxd4 Bb4 6. Nxc6 bxc6 7. Bd3 d5 8.
exd5 cxd5 9. O-O O-O 10. Bg5 c6 11. Ne2 Be7 12. Ng3 Rb8 13. b3 h6 14. Be3 c5
15. c3 Bd6 16. Nf5 Bxf5 17. Bxf5 Qc7 18. h3 Qe7 19. Qc2 Qe5 20. g3 Qe7 21. Rae1
Qc7 22. Bc1 Rfe8 23. Kg2 Qc6 24. Kh2 Rxe1 25. Rxe1 Re8 26. Rxe8+ Qxe8 27. Be3
Ne4 28. Bxe4 Qxe4 29. Qxe4 dxe4 30. Kg2 Kf8 31. f3 f5 32. fxe4 fxe4 33. Bf4 Be7
34. Kf2 c4 35. Ke3 Bf6 36. Kxe4 cxb3 37. axb3 Bxc3 38. Be3 a5 39. Kd5 Ke7 40.
Kc4 Be1 41. g4 Kd6 42. Kb5 Kd5 43. Bb6 g6 44. Bxa5 Bg3 45. Bd2 h5 46. gxh5 gxh5
47. Ka6 Ke4 48. Bg5 h4 49. b4 Kf3 50. b5 Kg2 51. b6 Kxh3 52. Bd8 Kg2 53. Bc7 h3
54. Bxg3 Kxg3 55. b7 h2 56. b8=Q+ Kg2 57. Qg8+ Kf2 58. Qh7 Kg1 1/2-1/2

[Event "Ontario Closed"]
[Site "Kitchener CAN"]
[Date "2010.01.08"]
[Round "4"]
[White "Guo, Joshua"]
[Black "Demmery, Steve"]
[Result "1/2-1/2"]
[WhiteElo "2210"]
[BlackElo "2230"]
[PlyCount "47"]
[EventDate "2010.07.30"]
[EventType "swiss"]
[EventRounds "7"]
[EventCountry "CAN"]

1. e4 d6 2. d4 Nf6 3. Nc3 c6 4. f4 Qa5 5. Bd3 e5 6. Nf3 Bg4 7. dxe5 dxe5 8.
fxe5 Nfd7 9. Bf4 Be7 10. h3 Bxf3 11. Qxf3 Nxe5 12. Qg3 Nbd7 13. O-O-O Bf6 14.
Kb1 O-O-O 15. Bg5 Bxg5 16. Qxg5 h6 17. Qf5 Kb8 18. Be2 Qc5 19. Qf4 Ka8 20. Rd2
Nf6 21. Rhd1 Rxd2 22. Qxd2 Kb8 23. Qf4 Ka8 24. Qd2 1/2-1/2

[Event "Ontario Closed"]
[Site "Kitchener CAN"]
[Date "2010.08.01"]
[Round "4"]
[White "Kho, Jingle"]
[Black "Kagramanov, Dina"]
[Result "1-0"]
[WhiteElo "2111"]
[BlackElo "2196"]
[PlyCount "77"]
[EventDate "2010.07.30"]
[EventType "swiss"]
[EventRounds "7"]
[EventCountry "CAN"]

1. Nf3 d5 2. g3 Nf6 3. Bg2 c6 4. b3 Bg4 5. Bb2 Nbd7 6. d4 e6 7. O-O Be7 8. Nbd2
h5 9. Ne5 Nxe5 10. dxe5 Nd7 11. h3 Bf5 12. e4 dxe4 13. Nxe4 Bxe4 14. Bxe4 Qc7
15. Qe2 O-O-O 16. Bg2 Nb6 17. a3 h4 18. Rad1 hxg3 19. fxg3 Bc5+ 20. Kh2 Rxd1
21. Rxd1 Nd5 22. b4 Be7 23. c4 Nb6 24. Rf1 Bg5 25. Bd4 Rd8 26. Bc5 Rd2 27. Qe4
Qd7 28. h4 Bh6 29. Qg4 Na4 30. Bd6 Nb2 31. c5 Nd3 32. Qh5 Nxe5 33. Qxe5 f6 34.
Qh5 Ra2 35. Rd1 b5 36. Bf8 Rd2 37. Rxd2 Bxd2 38. Qh8 Qd8 39. Qxg7 1-0